Three feet from gold : (Record no. 170780)

MARC details
000 -LEADER
fixed length control field 00647nam a2200193 4500
005 - DATE AND TIME OF LATEST TRANSACTION
control field 20191224170557.0
010 ## - LCCN (DPL NO)
LC control number ENG-127242
020 ## - INTERNATIONAL STANDARD BOOK NUMBER
International Standard Book Number 97893852661138
Terms of availability 500.00
035 ## - SYSTEM CONTROL NUMBER
System control number EN-110774
037 ## - SOURCE OF ACQUISITION
Source of stock number/acquisition DBAD/PUB
082 ## - DEWEY DECIMAL CLASSIFICATION NUMBER
Classification number 650.1
100 ## - MAIN ENTRY--PERSONAL NAME
Personal name Lechter, Sharon L.
245 ## - TITLE STATEMENT
Title Three feet from gold :
Statement of responsibility, etc by Sharon L.Lechter [and] Greg S.Reid
Remainder of title turn your obstacles into opportunities /
260 ## - PUBLICATION, DISTRIBUTION, ETC. (IMPRINT)
Place of publication, distribution, etc New Delhi
Name of publisher, distributor, etc Prabhat Prakashan
Date of publication, distribution, etc 2017
270 ## - ADDRESS
Address 4/19 Asaf Ali Road
City New Delhi
Postal code 110002
Telephone number 011-23289777
Electronic mail address prabhatbooks@gmail.com
300 ## - PHYSICAL DESCRIPTION
Extent xiii;223p.
Dimensions 22cm(Hb)
700 ## - ADDED ENTRY--PERSONAL NAME
Personal name Reid, Greg S.
942 ## - ADDED ENTRY ELEMENTS (KOHA)
Source of classification or shelving scheme Dewey Decimal Classification
Item type English Books
Classification part 650.1
Call number suffix LEC
Holdings
Withdrawn status Lost status Not for loan Collection code Home library Current library Date acquired Source of acquisition Cost, normal purchase price Full call number Barcode Copy number Cost, replacement price Koha item type
      Non-fiction Patel Nagar Patel Nagar 24/12/2019 DBAD/PUB 500.00 650.1 LEC EN-110774 1 500.00 English Books

© Delhi Public Library
Hit Counter
free hit counter